000 01002nam a2200205Ia 4500
999 _c36867
_d36867
001 2816
003 GE_BSU
005 20190507124703.0
008 181216s2001||||ge |||||||||||||| ||geo||
040 _cGE_BSU
080 _a336.02(073) გ–82
100 _aგრიგალაშვილი, ლევან.
_9870
245 _aგადასახადების აღრიცხვა საერთაშორისო სტანდარტებით /
_cლევან გრიგალაშვილი ; რედ : იაკობ მესხია
264 _aთბილისი .:
_bმეცნიერება,
_c2001.
300 _a210 გვ ;
_c21 სმ.
653 _aგადასახადების აღრიცხვა საერთაშორისო სტანდარტებით
653 _aეკონომიკა
700 _aმესხია, იაკობ
_eრედაქტორი
_9565
942 _cBK
_2udc